France at war in the twentieth century : propaganda, myth and metaphor
Αποθηκεύτηκε σε:
| Άλλοι συγγραφείς: | , |
|---|---|
| Μορφή: | Βιβλίο |
| Γλώσσα: | English |
| Δημοσίευση: |
New York :
Berghahn Books,
2000
|
| Σειρά: | Contemporary France (Providence, R.I.)
; 3 |
| Θέματα: | |
| Ετικέτες: |
Προσθήκη ετικέτας
Δεν υπάρχουν, Καταχωρήστε ετικέτα πρώτοι!
|
MARC
| LEADER | 00000nam a2200000 i 4500 | ||
|---|---|---|---|
| 001 | 1/89800 | ||
| 008 | 080626s2000 eng d | ||
| 020 | |a 978-1-57181-770-9 (pbk.) | ||
| 020 | |a 1-57181-770-0 (pbk.) | ||
| 035 | |l 10098464 | ||
| 040 | |a GR-MY-UA |b gre |e aacr | ||
| 041 | 0 | |a eng | |
| 082 | 0 | |a 944.081 |2 (22) | |
| 245 | 1 | 0 | |a France at war in the twentieth century : |b propaganda, myth and metaphor / |c edited by Valerie Holman and Debra Kelly |
| 260 | |a New York : |b Berghahn Books, |c 2000 | ||
| 300 | |a x, 164 σ.; |b εικ.; |c 22 εκ. | ||
| 490 | 1 | |a Contemporary France |v ; 3 | |
| 504 | |a Περιέχει βιβλιογραφικές παραπομπές και ευρετήριο | ||
| 650 | 0 | 0 | |a Propaganda, French |x History |y 20th century. |
| 650 | 0 | 0 | |a Mass media and public opinion |z France |x History |y 20th century. |
| 651 | 0 | |a France |x History, Military |y 20th century. | |
| 651 | 0 | |a France |x Politics and government |y 20th century. | |
| 700 | 1 | |a Holman, Valerie. |4 edt | |
| 700 | 1 | |a Kelly, Debra. |4 edt | |
| 830 | 0 | |a Contemporary France (Providence, R.I.) |v ; 3 | |
| 852 | |a INST |b LESVOS |e 20080626 |h 944.081 FRA |p 005100042238 |q 005100042238 |t BK |y 0 | ||
| 901 | |a BIBL1-2008-2 | ||
| 909 | |a Λ |b 143394 | ||
| 922 | |a 1ΕΛΗ |b 200712 |c ΕΠΕΑΕΚ2/ΤΚΑ |d ΕΛΕΥΘΕΡΟΥΔΑΚΗΣ | ||
| 970 | |a ΓΙΑΛΑΜΑ |b ΜΑΡΙΑ |z 2008/06/26 | ||